[Event "Bremen-ch op"]
[Site "Delmenhorst"]
[Date "2011.04.17"]
[Round "2"]
[White "Sobotzki, Michael"]
[Black "Jugelt, Tobias"]
[Result "0-1"]
[WhiteElo "1911"]
[BlackElo "2414"]
[PlyCount "74"]
[EventDate "2011.04.16"]
[EventType "swiss"]
[EventRounds "9"]
[EventCountry "GER"]
[SourceTitle "EXT 2012"]
[Source "ChessBase"]
[SourceDate "2011.11.24"]
[SourceVersion "1"]
[SourceVersionDate "2011.11.24"]
[SourceQuality "1"]

1. d4 d5 2. Nf3 Nf6 3. e3 c6 4. Bd3 Bg4 5. Nbd2 Nbd7 6. h3 Bh5 7. e4 dxe4 8. Bxe4 e6 9. Bd3 c5 10. dxc5 Bxc5 11. Ne4 Nxe4 12. Bxe4 Qb6 13. Qe2 Nf6 14. Bd3 0-0 15. 0-0 e5 16. b4 Bd4 17. c3 Bxc3 18. Be3 Qxb4 19. Rab1 Qe7 20. Bg5 Bg6 21. Bxg6 hxg6 22. Nd2 Bxd2 23. Qxd2 Rfd8 24. Qe2 Rd5 25. Rfd1 Rad8 26. Rxd5 Rxd5 27. Qc4 Qd7 28. Kh2 b5 29. Qb3 Ne4 30. Be3 a5 31. Qc2 f5 32. Rc1 Kh7 33. f3 Nd6 34. Qf2 Nc4 35. Rc2 a4 36. Bc5 e4 37. fxe4 Qc7+ 0-1